000
00337nam a2200133Ia 4500
008
240624s9999 xx 000 0 und d
041
_a
eng
082
_a
658.408 CON
100
_a
CONGER JAY A
245
_a
CORPORATE BOARDS NEW STRATEGIES FOR ADDI
260
_c
2001
_a
San Francisco
_b
Jossey-Bass
300
_a
240 : p.
365
_c
_b
30
999
_c
17489
_d
17489